Online Catalogue and eLibrary

Inthiyath tholil sangangal : (Record no. 2356)

MARC details
000 -LEADER
fixed length control field 00234nam a2200097Ia 4500
008 - FIXED-LENGTH DATA ELEMENTS--GENERAL INFORMATION
fixed length control field 240331s9999 xx 000 0 und d
082 ## - DDC Classification
Item Number - Author Mark AMB
100 ## - MAIN ENTRY--PERSONAL NAME
Personal name Ambedkar,
245 #0 - TITLE STATEMENT
Title Inthiyath tholil sangangal :
Remainder of title sila kruththukkal
942 ## - Koha item type (Biblio)
Koha item type Books in Stacks (Lending)
Holdings
Lost status Damaged status Collection code Home library Current library Shelving location Date acquired Full call number Accession Number Item type
    Lending WERC Library WERC Library Social Science Cupboard 03/31/2024 322.2 AMB 3656 Books in Stacks (Lending)

© WERC Library